000
00466nam a2200181Ia 4500
008
100917s9999 xx 000 0 und d
082
_b
32405
100
_a
देसाई रणजित
245
_a
बारी
260
_b
देशमुख प्रकाशन
_c
1977
300
_a
241
365
_b
20
520
_a
कादंबरी
630
_a
बारी
650
_a
कादंबरी
730
_a
बारी
942
_c
BOOK
999
_c
637799
_d
637796